| 000 | 00977cam a2200325 i 4500 | ||
|---|---|---|---|
| 008 | |||
| 020 | _a9780323498364 (paperback) | ||
| 040 |
_aNUST _cNUST |
||
| 049 | _aMAIN | ||
| 090 |
_aQP34.5 _bHER |
||
| 100 | 1 |
_aHerlihy, Barbara L., _eauthor |
|
| 245 | 1 | 4 |
_aThe human body in health and illness / _cBarbara Herlihy |
| 250 | _aSixth edition. | ||
| 264 | 1 |
_aSt. Louis, Missouri : _bElsevier Saunders, _c2014 |
|
| 300 |
_axiv, 562 pages : _billustrations ; _c28 cm |
||
| 336 |
_atext _btxt _2rdacontent |
||
| 337 |
_aunmediated _bn _2rdamedia |
||
| 338 |
_avolume _bnc _2rdacarrier |
||
| 500 | _aIncludes index. | ||
| 504 | _aIncludes bibliographical references. | ||
| 650 | 0 | _aHuman physiology | |
| 650 | 0 | _aPhysiology, Pathological | |
| 650 | 1 | 2 | _aPhysiology |
| 650 | 2 | 2 | _aHealth |
| 650 | 2 | 2 | _aPathology |
| 907 |
_a.b10420241 _b16-01-23 _c16-01-23 |
||
| 003 | |||
| 005 | 20230120204357.0 | ||
| 942 |
_cBOOKS _kQP34.5 _mHER |
||
| 999 |
_c122127 _d122127 |
||